00794nam a2200169 a 450000100060000000300090000600800410001502000150005604000280007108200140009910000230011324500270013626000300016330000110019350504090020465000110061316838CO-ViMGA141112s2004 ck r 000 u spa d a9706861033 aCO-ViMGAbspacCO-ViMGA a530 R337f1 aReese, Ronald Lane10aFísica Universitaria aMexico, cThomson, c2002 a2 Vol. aVOLUMEN (1)Análisis vectorial - Cinemática I, II - Leyes de Newton - Fuerza gravitatoria - Ley de Hooke - Trabajo, energía y teorema - Sólidos y fluidos - Ondas - Termodinámica - Cinética VOLUMEN (2)Cargas electricas - Energía potencial - Fuerzas magnéticas - Ley de Faraday - Circuitos senoidales - Optica geometrica - Optica física - Teoría de la relatividad - Mecánica cuántica14aFISICA